Scorers in the Champions League Final since 2010 - Statistics

General Stats
  • This quiz has been taken 25 times
  • The average score is 25 of 36
Answer Stats
Hint Player % Correct
2017 Cristiano Ronaldo
95%
2014 Cristiano Ronaldo
95%
2011 Lionel Messi
95%
2023 Rodri
95%
2024 Vinícius Júnior
95%
2022 Vinícius Júnior
95%
2018 Gareth Bale
90%
2014 Gareth Bale
90%
2018 Karim Benzema
90%
2019 Mohamed Salah
90%
2015 Neymar Jr
90%
2016 Sergio Ramos
86%
2014 Sergio Ramos
86%
2015 Luis Suárez
81%
2013 Arjen Robben
76%
2021 Kai Havertz
76%
2024 Dani Carvajal
71%
2020 Kingsley Coman
71%
2018 Sadio Mané
71%
2012 Didier Drogba
62%
2019 Divock Origi
62%
2017 Mario Mandžukić
62%
2013 Mario Mandžukić
62%
2012 Thomas Müller
57%
2017 Casemiro
52%
2014 Marcelo
52%
2015 Álvaro Morata
48%
2010 Diego Milito
48%
2015 Ivan Rakitić
48%
2011 David Villa
43%
2013 İlkay Gündoğan
43%
2017 Marco Asensio
43%
2011 Pedro
43%
2014 Diego Godín
38%
2011 Wayne Rooney
33%
2016 Yannick Carrasco
29%
No matching quizzes found
Score Distribution
Percent of People with Each Score
Percentile by Number Answered
Your Score History
You have not taken this quiz